| 000 | 01453cam a2200433 a 4500 | ||
|---|---|---|---|
| 001 | 15748863 | ||
| 003 | OSt | ||
| 005 | 20140410083209.0 | ||
| 008 | 090522s2010 nyu c 000 1 eng | ||
| 010 | _a 2009020440 | ||
| 020 | _a9780545255189 | ||
| 020 | _a9780545255189 | ||
| 040 |
_aDLC _cDLC _dDLC |
||
| 042 |
_alcac _apcc |
||
| 050 | 0 | 0 |
_aPZ 7 _b.T644 2010 |
| 100 | 1 |
_aToft, Di. _924103 |
|
| 245 | 1 | 0 |
_aWolven / _cby Di Toft. |
| 250 | _a1st American ed. | ||
| 260 |
_aNew York : _bScholastic, _c2010. |
||
| 300 |
_a322 p. ; _c22 cm. |
||
| 520 | _aTwelve-year-old Nat, with help from family, friends, and his "pet" Woody, a wolf that turns into a boy, must face werewolves that have been altered as part of a dastardly plan. | ||
| 521 | _aG7 | ||
| 526 | _c860 | ||
| 562 | _e4 | ||
| 650 | 1 |
_aSupernatural _vFiction. _924104 |
|
| 650 | 1 |
_aWerewolves _vFiction. _924105 |
|
| 650 | 1 |
_aSpace and time _vFiction. _924106 |
|
| 650 | 1 |
_aGrandparents _vFiction. _924107 |
|
| 650 | 1 |
_aFamily life _zEngland _vFiction. _924108 |
|
| 651 | 1 |
_aEngland _vFiction. _924109 |
|
| 856 | 4 | 2 |
_3Publisher description _uhttp://www.loc.gov/catdir/enhancements/fy1116/2009020440-d.html |
| 906 |
_a7 _bcbc _corignew _d1 _eecip _f20 _gy-gencatlg |
||
| 942 |
_2lcc _cBK |
||
| 999 |
_c33247 _d33247 |
||